• 首页
  • 本馆介绍
  • 公告通知
  • 最新文献
  • 馆藏检索
  • 电子资源
  • 读者导购
  • 参考咨询
  • 我的图书馆
  • 登录
  • 详细信息显示
  • 放入我的书架
  • 预约/预借图书
  • 作者相关作品
  • 分类相关作品
  • 丛书相关作品
  • 出版社相关作品

书目信息

  • 表格格式
  • 工作单格式
  • 卡片格式
题名:
固体物理学
    
 
作者: Hall 著 ;刘志远 , 张增顺 译
分册:  
出版信息: 北京   高等教育出版社  1983.5
页数: 398页
开本: 20cm
丛书名: 曼彻斯特物理学丛书
单 册:
中图分类: O48
科图分类:
主题词: 固体物理学
电子资源:
ISBN:
000 00616nam0 2200229 45
001 0312221749
005 20060430100145.21
010    @dCNY2.00
100    @a20031222d1983 km y0chiy0120 ea
101    @achi
200 1  @a固体物理学@AGu Ti Wu Li Xue@f(英)H·E·Hall著@F(ying)H·E·Hall zhu@g刘志远,张增顺译
210    @a北京@c高等教育出版社@d1983.5
215    @a398页@d20cm
225 2  @a曼彻斯特物理学丛书
410  0 @12001 @a曼彻斯特物理学丛书
606 0  @a固体物理学
690    @aO48@v3
701 0  @aHall@4著
702 0  @a刘志远@4译
702 0  @a张增顺@4译
801    @aCN@bTSTCL@c20060430
905    @dO48@e17
    
    固体物理学/(英)H·E·Hall著/刘志远,张增顺译.-北京:高等教育出版社,1983.5
    398页;20cm.-(曼彻斯特物理学丛书)
    
    
    ISBN :CNY2.00
    
●
相关链接 在E读中查询图书 在五车中查询图书 在当当中查询图书 在豆瓣中查询图书


正题名:固体物理学     索取号:O48/17         预约/预借

序号 登录号 条形码 馆藏地/架位号 状态 备注
1 0117528   202327945   密集书库/ [索取号:O48/17] 在馆    
2 0117529   202327954   密集书库/ [索取号:O48/17] 在馆    
3 0117531   001453055   第三借阅区/ [索取号:O48/17] 在馆    
4 0117532   202121257   第二样本阅览室/ [索取号:O48/17] 在馆    
5 0117559   001452966   第三借阅区/ [索取号:O48/17] 在馆    
6 0117560   001452957   第三借阅区/ [索取号:O48/17] 在馆    
唐山师范学院图书馆 欢迎您!
大连网信软件有限公司© 版权所有